ARRUPE JESUIT UNIVERSITY

CORONAVIRUS -STOP THE SPREAD - CLEAN,DISINFECT,COVER

Decadence; (Record no. 123066)

MARC details
000 -LEADER
fixed length control field 00677cam a22002291 4500
001 - CONTROL NUMBER
control field 9288341
005 - DATE AND TIME OF LATEST TRANSACTION
control field 20150818142741.0
008 - FIXED-LENGTH DATA ELEMENTS--GENERAL INFORMATION
fixed length control field 760513s1948 enk 000 0 eng
010 ## - LIBRARY OF CONGRESS CONTROL NUMBER
LC control number 48003870
035 ## - SYSTEM CONTROL NUMBER
System control number (OCoLC)2174464
040 ## - CATALOGING SOURCE
Original cataloging agency DLC
Transcribing agency ABAU
Modifying agency OCoLC
-- DLC
042 ## - AUTHENTICATION CODE
Authentication code premarc
050 00 - LIBRARY OF CONGRESS CALL NUMBER
Classification number B804.J6
Item number .J65
082 ## - DEWEY DECIMAL CLASSIFICATION NUMBER
Classification number 901
100 1# - MAIN ENTRY--PERSONAL NAME
Personal name Joad, C. E. M.
Fuller form of name (Cyril Edwin Mitchinson),
Dates associated with a name 1891-1953.
9 (RLIN) 18642
245 10 - TITLE STATEMENT
Title Decadence;
Remainder of title a philosophical inquiry.
260 ## - PUBLICATION, DISTRIBUTION, ETC. (IMPRINT)
Place of publication, distribution, etc London,
Name of publisher, distributor, etc Faber and Faber
Date of publication, distribution, etc [1948]
300 ## - PHYSICAL DESCRIPTION
Extent 430 p.
Dimensions 21 cm.
650 #0 - SUBJECT ADDED ENTRY--TOPICAL TERM
Topical term or geographic name as entry element Civilization
General subdivision Philosophy.
9 (RLIN) 8014
906 ## - LOCAL DATA ELEMENT F, LDF (RLIN)
a 7
b cbc
c oclcrpl
d u
e ncip
f 19
g y-gencatlg
942 ## - ADDED ENTRY ELEMENTS (KOHA)
Source of classification or shelving scheme Library of Congress Classification
Item type Monograph ( Printed materials)
Holdings
Withdrawn status Lost status Source of classification or shelving scheme Damaged status Not for loan Collection code Home library Current library Shelving location Date acquired Total Checkouts Full call number Barcode Date last seen Price effective from Koha item type
    Library of Congress Classification     Main Collection ARRUPE LIBRARY ARRUPE LIBRARY Main Collection 18/08/2015   B804.J6 46410857 18/08/2015 18/08/2015 Monograph ( Printed materials)

 

Arrupe Library. PO Box MP320 Mt Pleasant, Harare, Zimbabwe
263 242 745411|librarian@aju.ac.zw